[Event "Benidorm Satellite - Final"]
[Site "playchess.com #007059"]
[Date "2009.10.24"]
[Round "1"]
[White "Mateusz-Morfeusz"]
[Black "Us6"]
[Result "0-1"]
[WhiteElo "2510"]
[BlackElo "2640"]
[PlyCount "58"]
[EventDate "2009.10.24"]
[EventType "tourn (blitz)"]

1. e4 {[%emt 0:00:03]} c5 {[%emt 0:00:01]} 2. Nc3 {[%emt 0:00:02]} Nc6 {[%emt
0:00:01]} 3. f4 {[%emt 0:00:02]} g6 {[%emt 0:00:04]} 4. Nf3 {[%emt 0:00:02]}
Bg7 {[%emt 0:00:04]} 5. Bc4 {[%emt 0:00:03]} e6 {[%emt 0:00:01]} 6. d3 {[%emt
0:00:02]} Nge7 {[%emt 0:00:01]} 7. Be3 {[%emt 0:00:03]} d5 {[%emt 0:00:04]} 8.
exd5 {[%emt 0:00:21]} exd5 {[%emt 0:00:01]} 9. Nxd5 {[%emt 0:00:15]} Nxd5 {
[%emt 0:00:01]} 10. Bxc5 {[%emt 0:00:01]} Qa5+ {[%emt 0:00:09]} 11. c3 {[%emt
0:00:24]} Qxc5 {[%emt 0:00:06]} 12. Bxd5 {[%emt 0:00:03]} Qxd5 {[%emt 0:00:01]}
13. Qe2+ {[%emt 0:00:01]} Qe6 {[%emt 0:00:02]} 14. Qxe6+ {[%emt 0:00:05]} Bxe6
{[%emt 0:00:02]} 15. O-O-O {[%emt 0:00:02]} O-O {[%emt 0:00:04]} 16. Rde1 {
[%emt 0:00:06]} Rfd8 {[%emt 0:00:02]} 17. Kc2 {[%emt 0:00:03]} Rac8 {[%emt 0:
00:06]} 18. Ng5 {[%emt 0:00:03]} Bf5 {[%emt 0:00:02]} 19. Re3 {[%emt 0:00:02]}
Bxd3+ {[%emt 0:00:05]} 20. Rxd3 {[%emt 0:00:02]} Nb4+ {[%emt 0:00:01]} 21. Kb3
{[%emt 0:00:07]} Nxd3 {[%emt 0:00:01]} 22. Re1 {[%emt 0:00:04]} h6 {[%emt 0:00:
02]} 23. Re7 {[%emt 0:00:12]} hxg5 {[%emt 0:00:02]} 24. Rxb7 {[%emt 0:00:01]}
Nc5+ {[%emt 0:00:01]} 25. Kb4 {[%emt 0:00:02]} Nxb7 {[%emt 0:00:01]} 26. Kb5 {
[%emt 0:00:01]} Rd6 {[%emt 0:00:02]} 27. c4 {[%emt 0:00:02]} Rb6+ {[%emt 0:00:
03]} 28. Ka4 {[%emt 0:00:03]} Rxc4+ {[%emt 0:00:02]} 29. Ka3 {[%emt 0:00:02]}
Bxb2# {[%emt 0:00:04]} 0-1

[Event "Benidorm Satellite - Final"]
[Site "playchess.com #007059"]
[Date "2009.10.24"]
[Round "1"]
[White "Dr-Bassem"]
[Black "Novoselski"]
[Result "1-0"]
[WhiteElo "2802"]
[BlackElo "2752"]
[PlyCount "71"]
[EventDate "2009.10.24"]
[EventType "tourn (blitz)"]

1. e4 {[%emt 0:00:02]} e5 {[%emt 0:00:01]} 2. Nf3 {[%emt 0:00:01]} Nc6 {[%emt
0:00:01]} 3. Bb5 {[%emt 0:00:00]} Bc5 {[%emt 0:00:01]} 4. Nxe5 {[%emt 0:00:02]}
Bxf2+ {[%emt 0:00:05]} 5. Kxf2 {[%emt 0:00:02]} Nxe5 {[%emt 0:00:01]} 6. d4 {
[%emt 0:00:10]} Ng6 {[%emt 0:00:02]} 7. Nc3 {[%emt 0:00:14]} c6 {[%emt 0:00:02]
} 8. Bc4 {[%emt 0:00:19]} d6 {[%emt 0:00:01]} 9. Rf1 {[%emt 0:00:04]} b5 {
[%emt 0:00:14]} 10. Bb3 {[%emt 0:00:05]} b4 {[%emt 0:00:02]} 11. Ne2 {[%emt 0:
00:01]} Nf6 {[%emt 0:00:09]} 12. Kg1 {[%emt 0:00:01]} h6 {[%emt 0:00:14]} 13.
Ng3 {[%emt 0:00:05]} O-O {[%emt 0:00:08]} 14. a3 {[%emt 0:00:19]} bxa3 {[%emt
0:00:03]} 15. Rxa3 {[%emt 0:00:00]} d5 {[%emt 0:00:17]} 16. e5 {[%emt 0:00:03]}
Nh7 {[%emt 0:00:08]} 17. c3 {[%emt 0:00:08]} Be6 {[%emt 0:00:07]} 18. Bc2 {
[%emt 0:00:02]} a5 {[%emt 0:00:06]} 19. Qh5 {[%emt 0:00:06]} Qe8 {[%emt 0:00:
18]} 20. Nf5 {[%emt 0:00:06]} Bxf5 {[%emt 0:00:14]} 21. Qxf5 {[%emt 0:00:05]}
c5 {[%emt 0:00:19]} 22. e6 {[%emt 0:00:05]} Ra6 {[%emt 0:00:07]} 23. exf7+ {
[%emt 0:00:11]} Qxf7 {[%emt 0:00:04]} 24. Qxf7+ {[%emt 0:00:03]} Rxf7 {[%emt 0:
00:00]} 25. Bxg6 {[%emt 0:00:16]} Rxg6 {[%emt 0:00:10]} 26. Rxf7 {[%emt 0:00:
03]} Kxf7 {[%emt 0:00:00]} 27. dxc5 {[%emt 0:00:01]} Re6 {[%emt 0:00:07]} 28.
Kf1 {[%emt 0:00:09]} Nf6 {[%emt 0:00:02]} 29. Rxa5 {[%emt 0:00:02]} Ng4 {[%emt
0:00:06]} 30. Ra7+ {[%emt 0:00:15]} Kg6 {[%emt 0:00:02]} 31. Bf4 {[%emt 0:00:
05]} Rf6 {[%emt 0:00:15]} 32. g3 {[%emt 0:00:01]} Nxh2+ {[%emt 0:00:05]} 33.
Kg2 {[%emt 0:00:02]} Ng4 {[%emt 0:00:01]} 34. b4 {[%emt 0:00:01]} Re6 {[%emt 0:
00:04]} 35. b5 {[%emt 0:00:03]} h5 {[%emt 0:00:01]} 36. Ra6 {[%emt 0:00:05]
Novoselski resigns} 1-0

[Event "Benidorm Satellite - Final"]
[Site "playchess.com #007059"]
[Date "2009.10.24"]
[Round "1"]
[White "Maximums"]
[Black "Jiriki"]
[Result "1-0"]
[WhiteElo "2695"]
[BlackElo "2561"]
[PlyCount "85"]
[EventDate "2009.10.24"]
[EventType "tourn (blitz)"]

1. d4 {[%emt 0:00:01]} e6 {[%emt 0:00:04]} 2. c4 {[%emt 0:00:02]} d5 {[%emt 0:
00:02]} 3. Nf3 {[%emt 0:00:01]} Nf6 {[%emt 0:00:02]} 4. Bg5 {[%emt 0:00:02]}
Be7 {[%emt 0:00:01]} 5. e3 {[%emt 0:00:01]} h6 {[%emt 0:00:01]} 6. Bh4 {[%emt
0:00:02]} O-O {[%emt 0:00:01]} 7. Nc3 {[%emt 0:00:01]} b6 {[%emt 0:00:02]} 8.
Be2 {[%emt 0:00:02]} Bb7 {[%emt 0:00:02]} 9. Bxf6 {[%emt 0:00:01]} Bxf6 {[%emt
0:00:00]} 10. cxd5 {[%emt 0:00:01]} exd5 {[%emt 0:00:00]} 11. O-O {[%emt 0:00:
01]} c5 {[%emt 0:00:13]} 12. dxc5 {[%emt 0:00:01]} bxc5 {[%emt 0:00:11]} 13.
Qb3 {[%emt 0:00:02]} Qb6 {[%emt 0:00:36]} 14. Nxd5 {[%emt 0:00:04]} Bxd5 {
[%emt 0:00:00]} 15. Qxd5 {[%emt 0:00:02]} Nc6 {[%emt 0:00:01]} 16. Rab1 {[%emt
0:00:05]} Rfd8 {[%emt 0:00:08]} 17. Qe4 {[%emt 0:00:27]} Rab8 {[%emt 0:00:21]}
18. b3 {[%emt 0:00:07]} Nb4 {[%emt 0:00:05]} 19. a4 {[%emt 0:00:27]} Nd5 {
[%emt 0:00:01]} 20. Bc4 {[%emt 0:00:05]} Nc3 {[%emt 0:00:04]} 21. Qg6 {[%emt 0:
00:01]} Nxb1 {[%emt 0:00:13]} 22. Qxf7+ {[%emt 0:00:04]} Kh8 {[%emt 0:00:05]}
23. Rxb1 {[%emt 0:00:00]} Rb7 {[%emt 0:00:14]} 24. Qg6 {[%emt 0:00:09]} Rbd7 {
[%emt 0:00:01]} 25. g3 {[%emt 0:00:04]} Qb7 {[%emt 0:00:16]} 26. e4 {[%emt 0:
00:06]} Re7 {[%emt 0:00:08]} 27. Re1 {[%emt 0:00:23]} Rde8 {[%emt 0:00:15]} 28.
Bd5 {[%emt 0:00:03]} Qb4 {[%emt 0:00:09]} 29. Kg2 {[%emt 0:00:05]} Qc3 {[%emt
0:00:03]} 30. e5 {[%emt 0:00:16]} Bxe5 {[%emt 0:00:05]} 31. Be4 {[%emt 0:00:01]
} Kg8 {[%emt 0:00:09]} 32. Qh7+ {[%emt 0:00:01]} Kf8 {[%emt 0:00:06]} 33. Bd5 {
[%emt 0:00:12]} Re6 {[%emt 0:00:07]} 34. Bxe6 {[%emt 0:00:10]} Rxe6 {[%emt 0:
00:02]} 35. Qf5+ {[%emt 0:00:06]} Ke7 {[%emt 0:00:14]} 36. Rxe5 {[%emt 0:00:03]
} Qxb3 {[%emt 0:00:03]} 37. Rxe6+ {[%emt 0:00:06]} Qxe6 {[%emt 0:00:01]} 38.
Qxc5+ {[%emt 0:00:01]} Kf7 {[%emt 0:00:01]} 39. Qxa7+ {[%emt 0:00:02]} Kg6 {
[%emt 0:00:01]} 40. Qd4 {[%emt 0:00:03]} h5 {[%emt 0:00:01]} 41. a5 {[%emt 0:
00:07]} h4 {[%emt 0:00:02]} 42. Qb6 {[%emt 0:00:04]} h3+ {[%emt 0:00:02]} 43.
Kf1 {[%emt 0:00:01] Jiriki gibt auf} 1-0

[Event "Benidorm Satellite - Final"]
[Site "playchess.com #007059"]
[Date "2009.10.24"]
[Round "1"]
[White "Kendo"]
[Black "High_me"]
[Result "0-1"]
[WhiteElo "2705"]
[BlackElo "2594"]
[PlyCount "84"]
[EventDate "2009.10.24"]
[EventType "tourn (blitz)"]

1. c4 {[%emt 0:00:01]} c5 {[%emt 0:00:01]} 2. g3 {[%emt 0:00:02]} Nc6 {[%emt 0:
00:00]} 3. Bg2 {[%emt 0:00:01]} g6 {[%emt 0:00:00]} 4. Nc3 {[%emt 0:00:02]} Bg7
{[%emt 0:00:01]} 5. Nf3 {[%emt 0:00:01]} d6 {[%emt 0:00:00]} 6. Rb1 {[%emt 0:
00:05]} e5 {[%emt 0:00:01]} 7. a3 {[%emt 0:00:02]} a5 {[%emt 0:00:01]} 8. d3 {
[%emt 0:00:03]} Nge7 {[%emt 0:00:01]} 9. O-O {[%emt 0:00:03]} O-O {[%emt 0:00:
01]} 10. Bg5 {[%emt 0:00:00]} f6 {[%emt 0:00:01]} 11. Bd2 {[%emt 0:00:01]} Be6
{[%emt 0:00:01]} 12. Ne1 {[%emt 0:00:16]} Rb8 {[%emt 0:00:24]} 13. Nd5 {[%emt
0:00:23]} b5 {[%emt 0:00:07]} 14. Nc2 {[%emt 0:00:14]} b4 {[%emt 0:00:32]} 15.
axb4 {[%emt 0:00:10]} axb4 {[%emt 0:00:01]} 16. Ra1 {[%emt 0:00:15]} Bxd5 {
[%emt 0:00:15]} 17. cxd5 {[%emt 0:00:03]} Na5 {[%emt 0:00:01]} 18. Ne3 {[%emt
0:00:06]} Ra8 {[%emt 0:00:08]} 19. Qc2 {[%emt 0:00:10]} f5 {[%emt 0:00:33]} 20.
Ra4 {[%emt 0:00:25]} f4 {[%emt 0:00:33]} 21. Nc4 {[%emt 0:00:15]} Nxc4 {[%emt
0:00:02]} 22. dxc4 {[%emt 0:00:00]} Nf5 {[%emt 0:00:25]} 23. Rfa1 {[%emt 0:00:
21]} Rxa4 {[%emt 0:00:02]} 24. Qxa4 {[%emt 0:00:07]} Nd4 {[%emt 0:00:02]} 25.
e3 {[%emt 0:00:21]} fxe3 {[%emt 0:00:10]} 26. Bxe3 {[%emt 0:00:01]} Qf6 {[%emt
0:00:16]} 27. Qd7 {[%emt 0:00:06]} Nc2 {[%emt 0:00:06]} 28. Qe6+ {[%emt 0:00:
06]} Qxe6 {[%emt 0:00:02]} 29. dxe6 {[%emt 0:00:00]} Nxa1 {[%emt 0:00:00]} 30.
Bc6 {[%emt 0:00:03]} Bf6 {[%emt 0:00:01]} 31. Ba4 {[%emt 0:00:04]} Ra8 {[%emt
0:00:02]} 32. Bc6 {[%emt 0:00:02]} Rc8 {[%emt 0:00:04]} 33. Bd7 {[%emt 0:00:04]
} Rd8 {[%emt 0:00:02]} 34. Ba4 {[%emt 0:00:01]} Kg7 {[%emt 0:00:03]} 35. Kg2 {
[%emt 0:00:05]} Ra8 {[%emt 0:00:01]} 36. Bc6 {[%emt 0:00:05]} Ra6 {[%emt 0:00:
01]} 37. Bb5 {[%emt 0:00:02]} Ra2 {[%emt 0:00:01]} 38. Kf3 {[%emt 0:00:01]}
Rxb2 {[%emt 0:00:01]} 39. Ke4 {[%emt 0:00:00]} Nc2 {[%emt 0:00:02]} 40. Bc1 {
[%emt 0:00:03]} Rb1 {[%emt 0:00:01]} 41. Bd2 {[%emt 0:00:02]} Rd1 {[%emt 0:00:
01]} 42. Kd3 {[%emt 0:00:03]} Nd4 {[%emt 0:00:01] Kendo gibt auf} 0-1

[Event "Benidorm Satellite - Final"]
[Site "playchess.com #007059"]
[Date "2009.10.24"]
[Round "1"]
[White "-st!er-"]
[Black "Antoine2"]
[Result "1-0"]
[WhiteElo "2893"]
[BlackElo "2884"]
[PlyCount "82"]
[EventDate "2009.10.24"]
[EventType "tourn (blitz)"]

1. d4 {[%emt 0:00:02]} Nf6 {[%emt 0:00:01]} 2. c4 {[%emt 0:00:02]} g6 {[%emt 0:
00:02]} 3. Nc3 {[%emt 0:00:03]} Bg7 {[%emt 0:00:01]} 4. e4 {[%emt 0:00:01]} d6
{[%emt 0:00:01]} 5. Nf3 {[%emt 0:00:01]} e5 {[%emt 0:00:01]} 6. Be2 {[%emt 0:
00:01]} O-O {[%emt 0:00:04]} 7. O-O {[%emt 0:00:01]} exd4 {[%emt 0:00:02]} 8.
Nxd4 {[%emt 0:00:01]} Re8 {[%emt 0:00:01]} 9. f3 {[%emt 0:00:01]} c6 {[%emt 0:
00:01]} 10. Bg5 {[%emt 0:00:08]} Qb6 {[%emt 0:00:48]} 11. Na4 {[%emt 0:00:03]}
Qa5 {[%emt 0:00:06]} 12. Bd2 {[%emt 0:00:02]} Qe5 {[%emt 0:00:06]} 13. Nb3 {
[%emt 0:00:11]} Nh5 {[%emt 0:00:12]} 14. f4 {[%emt 0:00:14]} Qxe4 {[%emt 0:00:
06]} 15. Bxh5 {[%emt 0:00:01]} Qxc4 {[%emt 0:00:14]} 16. Re1 {[%emt 0:00:11]}
Rxe1+ {[%emt 0:00:19]} 17. Qxe1 {[%emt 0:00:02]} Nd7 {[%emt 0:00:00]} 18. Nc3 {
[%emt 0:00:34]} gxh5 {[%emt 0:00:10]} 19. Ne4 {[%emt 0:00:01]} Qe6 {[%emt 0:00:
09]} 20. f5 {[%emt 0:00:07]} Qxf5 {[%emt 0:00:19]} 21. Nxd6 {[%emt 0:00:02]}
Qe5 {[%emt 0:00:01]} 22. Bb4 {[%emt 0:00:21]} c5 {[%emt 0:00:10]} 23. Nxc8 {
[%emt 0:00:41]} cxb4 {[%emt 0:00:16]} 24. Ne7+ {[%emt 0:00:04]} Kf8 {[%emt 0:
00:02]} 25. Qxe5 {[%emt 0:00:11]} Bxe5 {[%emt 0:00:00]} 26. Nf5 {[%emt 0:00:03]
} Bxb2 {[%emt 0:00:04]} 27. Rd1 {[%emt 0:00:01]} Ne5 {[%emt 0:00:04]} 28. Nc5 {
[%emt 0:00:07]} a5 {[%emt 0:00:02]} 29. Na4 {[%emt 0:00:14]} Ba3 {[%emt 0:00:
09]} 30. Rd5 {[%emt 0:00:03]} Re8 {[%emt 0:00:02]} 31. Rxa5 {[%emt 0:00:04]}
Ng4 {[%emt 0:00:08]} 32. g3 {[%emt 0:00:01]} h4 {[%emt 0:00:05]} 33. Nxh4 {
[%emt 0:00:10]} Re2 {[%emt 0:00:01]} 34. Nf5 {[%emt 0:00:01]} f6 {[%emt 0:00:
02]} 35. Ra7 {[%emt 0:00:05]} Rxa2 {[%emt 0:00:03]} 36. Rxb7 {[%emt 0:00:01]}
Ne5 {[%emt 0:00:07]} 37. Nc5 {[%emt 0:00:04]} Nf3+ {[%emt 0:00:03]} 38. Kf1 {
[%emt 0:00:01]} Nxh2+ {[%emt 0:00:00]} 39. Ke1 {[%emt 0:00:01]} Nf3+ {[%emt 0:
00:00]} 40. Kf1 {[%emt 0:00:01]} Nh2+ {[%emt 0:00:06]} 41. Ke1 {[%emt 0:00:02]}
Rc2 {[%emt 0:00:02] ' Antoine2 réclame le gain suite à déconnexion Antoine2
réclame le gain suite à déconnexion} 1-0

[Event "Benidorm Satellite - Final"]
[Site "playchess.com #007059"]
[Date "2009.10.24"]
[Round "2"]
[White "Us6"]
[Black "Yang Guo"]
[Result "0-1"]
[WhiteElo "2651"]
[BlackElo "2861"]
[PlyCount "42"]
[EventDate "2009.10.24"]
[EventType "tourn (blitz)"]

1. d4 {[%emt 0:00:02]} Nf6 {[%emt 0:00:02]} 2. c4 {[%emt 0:00:01]} Nc6 {[%emt
0:00:01]} 3. Nf3 {[%emt 0:00:02]} e6 {[%emt 0:00:01]} 4. g3 {[%emt 0:00:01]} d5
{[%emt 0:00:01]} 5. Bg2 {[%emt 0:00:01]} dxc4 {[%emt 0:00:01]} 6. Qa4 {[%emt 0:
00:01]} Bb4+ {[%emt 0:00:02]} 7. Bd2 {[%emt 0:00:01]} Nd5 {[%emt 0:00:00]} 8.
Bxb4 {[%emt 0:00:11]} Ndxb4 {[%emt 0:00:00]} 9. O-O {[%emt 0:00:02]} Rb8 {
[%emt 0:00:06]} 10. Nc3 {[%emt 0:00:04]} a6 {[%emt 0:00:02]} 11. Ne5 {[%emt 0:
00:11]} O-O {[%emt 0:00:02]} 12. Nxc6 {[%emt 0:00:02]} Nxc6 {[%emt 0:00:00]}
13. Bxc6 {[%emt 0:00:09]} bxc6 {[%emt 0:00:00]} 14. Qxc4 {[%emt 0:00:02]} Qd6 {
[%emt 0:00:01]} 15. b3 {[%emt 0:00:04]} Rb4 {[%emt 0:00:09]} 16. Qc5 {[%emt 0:
00:20]} Rxd4 {[%emt 0:00:05]} 17. Qa7 {[%emt 0:00:03]} e5 {[%emt 0:00:09]} 18.
e3 {[%emt 0:00:05]} Rd3 {[%emt 0:00:06]} 19. Ne4 {[%emt 0:00:01]} Qd5 {[%emt 0:
00:06]} 20. Nc5 {[%emt 0:00:06]} Rc3 {[%emt 0:00:12]} 21. Na4 {[%emt 0:00:20]}
Qf3 {[%emt 0:00:08] Us6 resigns} 0-1

[Event "Benidorm Satellite - Final"]
[Site "playchess.com #007059"]
[Date "2009.10.24"]
[Round "2"]
[White "Antoine2"]
[Black "Mateusz-Morfeusz"]
[Result "1-0"]
[WhiteElo "2868"]
[BlackElo "2499"]
[PlyCount "71"]
[EventDate "2009.10.24"]
[EventType "tourn (blitz)"]

1. d4 {[%emt 0:00:02]} d5 {[%emt 0:00:07]} 2. c4 {[%emt 0:00:03]} dxc4 {[%emt
0:00:03]} 3. Nc3 {[%emt 0:00:02]} Nf6 {[%emt 0:00:01]} 4. e3 {[%emt 0:00:01]}
Nc6 {[%emt 0:00:02]} 5. Bxc4 {[%emt 0:00:01]} Bf5 {[%emt 0:00:01]} 6. Nf3 {
[%emt 0:00:01]} e6 {[%emt 0:00:02]} 7. O-O {[%emt 0:00:01]} Bb4 {[%emt 0:00:02]
} 8. Bd2 {[%emt 0:00:05]} O-O {[%emt 0:00:02]} 9. Qb3 {[%emt 0:00:02]} Bxc3 {
[%emt 0:00:03]} 10. Bxc3 {[%emt 0:00:00]} Qd6 {[%emt 0:00:09]} 11. Ne5 {[%emt
0:00:09]} Ng4 {[%emt 0:00:21]} 12. Nxg4 {[%emt 0:00:20]} Bxg4 {[%emt 0:00:03]}
13. Bb5 {[%emt 0:00:02]} f5 {[%emt 0:00:12]} 14. Bxc6 {[%emt 0:00:03]} bxc6 {
[%emt 0:00:07]} 15. Bb4 {[%emt 0:00:01]} Qd7 {[%emt 0:00:22]} 16. Bxf8 {[%emt
0:00:01]} Rxf8 {[%emt 0:00:02]} 17. Rac1 {[%emt 0:00:00]} Rf6 {[%emt 0:00:05]}
18. Qb8+ {[%emt 0:00:07]} Kf7 {[%emt 0:00:03]} 19. b4 {[%emt 0:00:05]} Qd6 {
[%emt 0:00:07]} 20. b5 {[%emt 0:00:05]} Rh6 {[%emt 0:00:03]} 21. f4 {[%emt 0:
00:00]} Qd5 {[%emt 0:00:39]} 22. Qxc7+ {[%emt 0:00:02]} Kf6 {[%emt 0:00:04]}
23. Qe5+ {[%emt 0:00:02]} Qxe5 {[%emt 0:00:20]} 24. dxe5+ {[%emt 0:00:00]} Ke7
{[%emt 0:00:03]} 25. Rxc6 {[%emt 0:00:02]} Be2 {[%emt 0:00:08]} 26. Rb1 {[%emt
0:00:06]} Rg6 {[%emt 0:00:05]} 27. Rc7+ {[%emt 0:00:01]} Kd8 {[%emt 0:00:02]}
28. Rxa7 {[%emt 0:00:01]} Bd3 {[%emt 0:00:05]} 29. Rd1 {[%emt 0:00:01]} Kc8 {
[%emt 0:00:04]} 30. Rxd3 {[%emt 0:00:01]} Kb8 {[%emt 0:00:00]} 31. Rf7 {[%emt
0:00:02]} Kc8 {[%emt 0:00:06]} 32. b6 {[%emt 0:00:02]} h5 {[%emt 0:00:03]} 33.
b7+ {[%emt 0:00:01]} Kb8 {[%emt 0:00:02]} 34. Rd8+ {[%emt 0:00:00]} Ka7 {[%emt
0:00:02]} 35. b8=Q+ {[%emt 0:00:00]} Ka6 {[%emt 0:00:02]} 36. Ra7# {[%emt 0:00:
00]} 1-0

[Event "Benidorm Satellite - Final"]
[Site "playchess.com #007059"]
[Date "2009.10.24"]
[Round "2"]
[White "Jiriki"]
[Black "Dr-Bassem"]
[Result "0-1"]
[WhiteElo "2550"]
[BlackElo "2816"]
[PlyCount "58"]
[EventDate "2009.10.24"]
[EventType "tourn (blitz)"]

1. e4 {[%emt 0:00:01]} e5 {[%emt 0:00:01]} 2. Nf3 {[%emt 0:00:01]} Nc6 {[%emt
0:00:01]} 3. d4 {[%emt 0:00:01]} exd4 {[%emt 0:00:01]} 4. Nxd4 {[%emt 0:00:00]}
Nf6 {[%emt 0:00:00]} 5. Nxc6 {[%emt 0:00:01]} bxc6 {[%emt 0:00:00]} 6. e5 {
[%emt 0:00:01]} Qe7 {[%emt 0:00:00]} 7. Qe2 {[%emt 0:00:01]} Nd5 {[%emt 0:00:
00]} 8. c4 {[%emt 0:00:01]} Ba6 {[%emt 0:00:00]} 9. b3 {[%emt 0:00:01]} g6 {
[%emt 0:00:01]} 10. f4 {[%emt 0:00:08]} Qb4+ {[%emt 0:00:02]} 11. Bd2 {[%emt 0:
00:15]} Qb6 {[%emt 0:00:01]} 12. Qe4 {[%emt 0:00:24]} f5 {[%emt 0:00:01]} 13.
Qf3 {[%emt 0:00:19]} Nb4 {[%emt 0:00:01]} 14. Kd1 {[%emt 0:00:03]} Bb7 {[%emt
0:00:02]} 15. Nc3 {[%emt 0:00:23]} c5 {[%emt 0:00:02]} 16. Qe3 {[%emt 0:00:18]}
Qe6 {[%emt 0:00:05]} 17. Be2 {[%emt 0:00:09]} O-O-O {[%emt 0:00:11]} 18. Bf3 {
[%emt 0:00:02]} d5 {[%emt 0:00:22]} 19. a3 {[%emt 0:00:25]} d4 {[%emt 0:00:51]}
20. Bxb7+ {[%emt 0:00:01]} Kb8 {[%emt 0:00:01]} 21. Qf3 {[%emt 0:00:15]} dxc3 {
[%emt 0:00:01]} 22. axb4 {[%emt 0:00:06]} Rxd2+ {[%emt 0:00:03]} 23. Kc1 {
[%emt 0:00:03]} cxb4 {[%emt 0:00:08]} 24. Ra6 {[%emt 0:00:22]} Qd7 {[%emt 0:00:
07]} 25. Ba8 {[%emt 0:00:06]} c6 {[%emt 0:00:18]} 26. Rxc6 {[%emt 0:00:16]} Rd3
{[%emt 0:00:36] '} 27. e6 {[%emt 0:00:04]} Qd8 {[%emt 0:00:18]} 28. Rc5 {[%emt
0:00:07]} Rxf3 {[%emt 0:00:04]} 29. Rb5+ {[%emt 0:00:02]} Kxa8 {[%emt 0:00:01]
Jiriki gibt auf} 0-1